|
|
|
|
| LEADER |
00000nam0a2200000 4500 |
| 001 |
349804 |
| 005 |
20231102010234.0 |
| 010 |
|
|
|b 50000 экз.
|
| 035 |
|
|
|a (RuTPU)RU\TPU\retro\2766
|
| 035 |
|
|
|a RU\TPU\book\274071
|
| 090 |
|
|
|a 349804
|
| 100 |
|
|
|a 20180904d1935 m y0rusy50 ca
|
| 101 |
0 |
|
|a rus
|
| 102 |
|
|
|a RU
|
| 105 |
|
|
|a y z 000zy
|
| 200 |
1 |
|
|a О комсомоле
|f И. В. Сталин
|g художник Б. В. Шварц
|
| 210 |
|
|
|a Москва
|c Типография газеты "Правда"
|d 1935
|
| 215 |
|
|
|a 168 с.
|d 13 см.
|
| 606 |
1 |
|
|a Молодежь
|x В СССР
|2 stltpush
|3 (RuTPU)RU\TPU\subj\44349
|9 63697
|
| 606 |
1 |
|
|a Комсомольские организации и их работа
|2 stltpush
|3 (RuTPU)RU\TPU\subj\15190
|9 41454
|
| 610 |
1 |
|
|a молодежные организации
|
| 610 |
1 |
|
|a ВЛКСМ
|
| 610 |
1 |
|
|a речи
|
| 686 |
|
|
|a Ф75(2)
|2 rubbk
|
| 686 |
|
|
|a Ф75(2)14
|2 rubbk
|
| 700 |
|
1 |
|a Сталин
|b И. В.
|c российский политический и государственный деятель
|c Генеральный секретарь ЦК КПСС
|c настоящая фамилия Джугашвилли
|c псевдоним Коба
|f 1878-1953
|g Иосиф Виссарионович
|2 stltpush
|3 (RuTPU)RU\TPU\pers\1058
|9 477
|
| 702 |
|
1 |
|a Шварц
|b Б. В.
|c художник
|c иллюстратор
|f 1906-1967
|g Борис Владимирович
|2 stltpush
|3 (RuTPU)RU\TPU\pers\28589
|4 040
|9 13408
|
| 801 |
|
1 |
|a RU
|b 63413507
|c 20140225
|
| 801 |
|
2 |
|a RU
|b 63413507
|c 20181210
|g RCR
|
| 942 |
|
|
|c BK
|